000
00223nam a22000857a 4500
008
230926b |||||||| |||| 00| 0 eng d
020
_a
9780805300123
245
_a
ESSENTIALS OF HUMAN ANATOMY AND PHYSIOLOGY
942
_2
lcc
_c
BK
999
_c
207332
_d
207332